000 00791nam a2200265Ia 4500
003 OSt
005 20220923220103.0
006 a|||||r|||| 00| 0
007 ta
008 220922b |||||||| |||| 00| 0 hin d
020 _c35
024 _a184,123
037 _cTextual
040 _aARTS
_cARTS
_bhin
041 _2hin
_ahin
082 _aO152,1NKH1,1, M8
100 _aखुराना, सुभद्रा
_9156271
245 0 _aदधीचि
246 _aDadhīchi
260 _aदिल्ली
_b ज्ञान भारती
_c1988
300 _a81 पृ.
_ccm.
650 _aहिन्दी साहित्य
_9156264
942 _hO152,1NKH1,1, M8
_cTEXL
_2CC
999 _c337418
_d337418